Semigroup Algebras /
में बचाया:
| मुख्य लेखक: | |
|---|---|
| स्वरूप: | Sách giấy |
| भाषा: | English |
| प्रकाशित: |
New York :
Marcel Dekker ,
1991
|
| टैग : |
टैग जोड़ें
कोई टैग नहीं, इस रिकॉर्ड को टैग करने वाले पहले व्यक्ति बनें!
|
| Thư viện lưu trữ: | Thư viện Trường Đại học Đà Lạt |
|---|
| LEADER | 00549nam a2200241 4500 | ||
|---|---|---|---|
| 001 | DLU020011205 | ||
| 005 | ##12/27/1999 | ||
| 041 | # | # | |a eng |
| 082 | # | # | |a 512.2 |b OK-J |
| 090 | # | # | |a 512.2 |b OK-J |
| 100 | # | # | |a Okninski, Jan |
| 245 | # | # | |a Semigroup Algebras / |c Okninski Jan |
| 260 | # | # | |a New York : |b Marcel Dekker , |c 1991 |
| 300 | # | # | |a VIII, 357 tr.; |c 23 cm. |
| 992 | # | # | |a 18000 |
| 994 | # | # | |a DLU |
| 900 | # | # | |a False |
| 911 | # | # | |a Administrator |
| 925 | # | # | |a G |
| 926 | # | # | |a A |
| 927 | # | # | |a SH |
| 980 | # | # | |a Thư viện Trường Đại học Đà Lạt |